Concise handbook of civil engineering (Record no. 550450)
[ view plain ]
| 000 -LEADER | |
|---|---|
| fixed length control field | 00469nam a22001577a 4500 |
| 020 ## - INTERNATIONAL STANDARD BOOK NUMBER | |
| International Standard Book Number | 81-219-0500-1 |
| 082 ## - DEWEY DECIMAL CLASSIFICATION NUMBER | |
| Classification number | 624.02 |
| Author Mark | Vazirani V.N. |
| -- | L- NUST, P- 41 |
| 100 ## - MAIN ENTRY--PERSONAL NAME | |
| Personal name | V.N. Vazirani |
| 9 (RLIN) | 13491 |
| 245 ## - TITLE STATEMENT | |
| Title | Concise handbook of civil engineering |
| 250 ## - EDITION STATEMENT | |
| Edition statement | 3rd ed. |
| 260 ## - PUBLICATION, DISTRIBUTION, ETC. | |
| Place of publication, distribution, etc. | New Delhi |
| Name of publisher, distributor, etc. | Chand & Company Ltd. |
| Date of publication, distribution, etc. | 1999 |
| 300 ## - PHYSICAL DESCRIPTION | |
| Extent | viii, 1045p.: |
| Other physical details | ill.; |
| Dimensions | 24cm. |
| 526 ## - STUDY PROGRAM INFORMATION NOTE | |
| Program name | 0 |
| Interest level | 0 |
| Reading level | 0 |
| Title point value | 624_020000000000000_VAZIRANI_V |
| 650 ## - SUBJECT ADDED ENTRY--TOPICAL TERM | |
| Topical term or geographic name entry element | NUST / MCE |
| 9 (RLIN) | 26909 |
| 942 ## - ADDED ENTRY ELEMENTS (KOHA) | |
| Source of classification or shelving scheme | |
| Koha item type | Book |
| Withdrawn status | Lost status | Source of classification or shelving scheme | Damaged status | Not for loan | Permanent Location | Current Location | Date acquired | Total Checkouts | Total Renewals | Full call number | Barcode | Date last seen | Date last checked out | Price effective from | Koha item type |
|---|---|---|---|---|---|---|---|---|---|---|---|---|---|---|---|
| Military College of Engineering (MCE) | Military College of Engineering (MCE) | 11/10/2014 | 2 | 1 | 624.02 Vazirani V.N. | MCE-44398 | 03/03/2020 | 03/03/2020 | 11/10/2014 | Book |
